Statistics for Movie Titles with Shared First Words #3

Click here to take the quiz!

General Stats

  • This quiz has been taken 3,606 times
  • The average score is 15 of 24

Answer Stats

Ends Of Movie TitlesFirst Word% Correct
Of The Apes, TerrorPlanet
97%
Is Beautiful, Of PiLife
95%
Home Alabama, And LowdownSweet
93%
Of War, Of The FliesLord
91%
Feet, GilmoreHappy
89%
Returns, BeginsBatman
84%
Eating Gilbert Grape, New Pussycat?What's
80%
Fuzz, Tub Time MachineHot
77%
Heart, Rich AsiansCrazy
76%
Got A Gun, EyreJane
76%
Potter, CongenialityMiss
74%
Hours, Going On 3013
72%
Is 40, Means WarThis
67%
There, John MalkovichBeing
63%
Highway, In SpaceLost
57%
All That, Gotta Have ItShe's
57%
Soldiers, Day AfternoonDog
46%
Royale, Los AngelesBattle
39%
To Exhale, For GuffmanWaiting
35%
Tape, DriveSex
33%
Out The Dead, Down The HouseBringing
28%
In America, In DagenhamMade
23%
Man, SkyIron
21%
Face, People, GamesFunny
18%

Score Distribution

Percentile by Number Answered

Percent of People with Each Score

Your Score History

You have not taken this quiz